Good morning, farm / (Record no. 2535)

MARC details
000 -LEADER
fixed length control field 00962cam a2200289 a 4500
005 - DATE AND TIME OF LATEST TRANSACTION
control field 20240105155123.0
020 ## - INTERNATIONAL STANDARD BOOK NUMBER
International Standard Book Number 076645067005
040 ## - CATALOGING SOURCE
Original cataloging agency DLC
Transcribing agency DLC
Modifying agency DLC
Language of cataloging eng
050 00 - LIBRARY OF CONGRESS CALL NUMBER
Classification number PZ8.3.R275
Item number 1995
082 00 - DEWEY DECIMAL CLASSIFICATION NUMBER
Classification number E
Edition number 21
100 1# - MAIN ENTRY--PERSONAL NAME
Personal name Reiser, Lori
245 10 - TITLE STATEMENT
Title Good morning, farm /
Statement of responsibility, etc. written and illustrated by Lori Reiser
260 ## - PUBLICATION, DISTRIBUTION, ETC.
Place of publication, distribution, etc. Grand Haven ;
Name of publisher, distributor, etc. School Zone Publishing Company,
Date of publication, distribution, etc. 1995
300 ## - PHYSICAL DESCRIPTION
Extent 23 unnumbered pages :
Other physical details color illustrations ;
Dimensions 21 cm
490 ## - SERIES STATEMENT
Series statement A little People Book
505 ## - FORMATTED CONTENTS NOTE
Formatted contents note G <br/><br/>
520 ## - SUMMARY, ETC.
Summary, etc. On a typical morning on the farm the animals are sleeping until the chicken wakes them, and the activities of the day begin.
521 ## - TARGET AUDIENCE NOTE
Target audience note 390 <br/>
Source Lexile <br/>
521 ## - TARGET AUDIENCE NOTE
Target audience note G <br/>
Source Raz-Plus <br/>
650 #1 - SUBJECT ADDED ENTRY--TOPICAL TERM
Topical term or geographic name entry element Domestic animals
General subdivision Fiction.
650 #1 - SUBJECT ADDED ENTRY--TOPICAL TERM
Topical term or geographic name entry element Farm life
General subdivision Fiction.
650 #1 - SUBJECT ADDED ENTRY--TOPICAL TERM
Topical term or geographic name entry element Toys
General subdivision Fiction.
650 #1 - SUBJECT ADDED ENTRY--TOPICAL TERM
Topical term or geographic name entry element Stories in rhyme.
906 ## - LOCAL DATA ELEMENT F, LDF (RLIN)
a 7
b cbc
c orignew
d 3
e ncip
f 19
g y-gencatlg
942 ## - ADDED ENTRY ELEMENTS (KOHA)
Source of classification or shelving scheme Dewey Decimal Classification
Koha item type Books
Suppress in OPAC No
999 ## -
-- 2535
-- 2535
Holdings
Withdrawn status Lost status Source of classification or shelving scheme Damaged status Not for loan Collection Home library Current library Shelving location Date acquired Total Checkouts Full call number Barcode Date last seen Date last checked out Price effective from Koha item type
    Dewey Decimal Classification     Juvenile Fiction Footprints International School Library Network Toul Kork Campus Footprints International School Library Network Toul Kork Campus   12/14/2023 2 REI Fic PZ8.R275 FISBK05377 02/26/2024 02/19/2024 12/14/2023 Books